Tech talk Elementary Teacher's book

Αποθηκεύτηκε σε:
Λεπτομέρειες βιβλιογραφικής εγγραφής
Κύριος συγγραφέας: Hollett, Vicki
Μορφή: Βιβλίο
Γλώσσα:English
Έκδοση: Oxford Oxford Univ. Press 2003
Θέματα:
Ετικέτες: Προσθήκη ετικέτας
Δεν υπάρχουν, Καταχωρήστε ετικέτα πρώτοι!
Thư viện lưu trữ: Trung tâm Học liệu Lê Vũ Hùng, Trường Đại học Đồng Tháp
LEADER 00859pam a22003018a 4500
001 00027963
005 20171026081022.0
008 111222s2003 ||||||engsd
020 # # |a 9780194574549 
041 0 # |a eng 
082 1 4 |a 428  |b T201T 
100 1 # |a Hollett, Vicki 
245 1 0 |b Elementary Teacher's book  |c Vicki Hollett  |a Tech talk 
260 # # |a Oxford  |b Oxford Univ. Press  |c 2003 
300 # # |a 93p.  |c 27 cm.  |b ill. 
650 # 4 |x Study and teaching  |a English language  |x Business English  |x tiếng anh  |v Textbooks for foreign speakers.  |x Foreign speakers. 
653 # # |a giao tiếp 
852 # # |b Kho đọc  |j KD.0012914 
852 # # |j KD.0012921 
910 0 # |d 22/12/2011 
980 # # |a Trung tâm Học liệu Lê Vũ Hùng, Trường Đại học Đồng Tháp